Loading...

Macromolecular design of polymeric materials

Bibliographic Details
Main Author: Hatada, Koichi, Ed.; Kitayama, Tatsuki, Ed
Format: Printed Book
Published: Marcel Dekker, INC. New York 1997
Subjects:
LEADER 00527nam a2200193 4500
020
082 |a 668.9 HAT-M 
100 |a Hatada, Koichi, Ed.; Kitayama, Tatsuki, Ed. 
245 |a Macromolecular design of polymeric materials 
250
260 |a Marcel Dekker, INC. New York  |c 1997 
300 |a 878 
490
500
590 |a Bejoy 
650 |a Polymers 
942 |c BK 
999 |c 84704  |d 84704 
952 |0 0  |1 0  |4 0  |6 668_900000000000000_HATM  |7 0  |9 98172  |a PHY  |b PHY  |l 0  |o 668.9 HAT-M  |p PHY06362  |r 2019-09-24  |w 2019-09-24  |y BK